Armas nucleares / (Record no. 25340)

MARC details
000 -LEADER
campo de control de longitud fija 00804nam a2200241 i 4500
001 - NÚMERO DE CONTROL
campo de control 25340
003 - IDENTIFICADOR DE NÚMERO DE CONTROL
campo de control ES-MaACL
005 - FECHA Y HORA DE LA ÚLTIMA TRANSACCIÓN
campo de control 20250815103020.0
007 - CAMPO FIJO DE DESCRIPCIÓN FÍSICA--INFORMACIÓN GENERAL
campo de control de longitud fija t|
008 - DATOS DE LONGITUD FIJA--INFORMACIÓN GENERAL
campo de control de longitud fija 021224s1986 sp ||||1| spa d
245 00 - MENCIÓN DEL TÍTULO
Título Armas nucleares /
Mención de responsabilidad, etc. selección e introducción de Francisco López de Sepúlveda y Tomás.
250 ## - MENCION DE EDICION
Mención de edición [1ª ed].
260 ## - PUBLICACIÓN, DISTRIBUCIÓN, ETC.
Lugar de publicación, distribución, etc. Barcelona :
Nombre del editor, distribuidor, etc. Prensa Científica,
Fecha de publicación, distribución, etc. 1986.
300 ## - DESCRIPCIÓN FÍSICA
Extensión 270 p. :
Otras características físicas il. ;
Dimensiones 29 cm.
490 1# - MENCIÓN DE SERIE
Mención de serie Libros de Investigación y ciencia
504 ## - NOTA DE BIBLIOGRAFÍA, ETC.
Nota de bibliografía, etc. Bibliografía: p. [264]-266.
650 04 - PUNTO DE ACCESO ADICIONAL DE MATERIA--TÉRMINO DE MATERIA
Término de materia o nombre geográfico como elemento de entrada Armas nucleares.
9 (RLIN) 9970
650 04 - PUNTO DE ACCESO ADICIONAL DE MATERIA--TÉRMINO DE MATERIA
Término de materia o nombre geográfico como elemento de entrada Desarme.
9 (RLIN) 11786
700 1# - ENTRADA AGREGADA--NOMBRE PERSONAL
Nombre de persona López de Sepúlveda y Tomás, Francisco.
9 (RLIN) 73591
830 00 - PUNTO DE ACCESO ADICIONAL DE SERIE-TÍTULO UNIFORME
Título uniforme Libros de investigación y ciencia
9 (RLIN) 181956
852 ## - LOCALIZACIÓN
Ubicación ES-MaACL
Número de control de estantería L-11210
Sublocalización o colección R.113107
Holdings
Estatus retirado Estado de pérdida Estado de daño No para préstamo Biblioteca de origen Biblioteca actual Ubicación en estantería Fecha de adquisición Fuente de adquisición Total de préstamos Signatura topográfica completa Código de barras Visto por última vez Precio de reemplazo Tipo de ítem Koha
        Biblioteca del Ateneo de Madrid Biblioteca del Ateneo de Madrid Depósito 2 17/01/2008     L-11210 1026124 23/02/2023 23/02/2023 Libro impreso